<?xml version="1.0" encoding="UTF-8"?>
<record
    xmlns:xsi="http://www.w3.org/2001/XMLSchema-instance"
    xsi:schemaLocation="http://www.loc.gov/MARC21/slim http://www.loc.gov/standards/marcxml/schema/MARC21slim.xsd"
    xmlns="http://www.loc.gov/MARC21/slim">

  <leader>00465nam a2200169Ia 4500</leader>
  <controlfield tag="001">62212</controlfield>
  <controlfield tag="008">141119s9999    xx            000 0 und d</controlfield>
  <datafield tag="020" ind1=" " ind2=" ">
    <subfield code="a">NA</subfield>
  </datafield>
  <datafield tag="040" ind1=" " ind2=" ">
    <subfield code="c">PK-LaUMT</subfield>
  </datafield>
  <datafield tag="082" ind1=" " ind2=" ">
    <subfield code="a"> 220</subfield>
    <subfield code="b">SIR-T</subfield>
  </datafield>
  <datafield tag="100" ind1=" " ind2=" ">
    <subfield code="a">Sir Syed Ahmad Khan</subfield>
  </datafield>
  <datafield tag="245" ind1=" " ind2=" ">
    <subfield code="a">Tabeyeen ul kalam fi tafsir ut toraat walengeel alia millatul Islam (Urdu)</subfield>
    <subfield code="c">Sir Syed Ahmad Khan</subfield>
  </datafield>
  <datafield tag="260" ind1=" " ind2=" ">
    <subfield code="a">Lahore,Pakistan:</subfield>
    <subfield code="b">Maktabah Akhuwaat,</subfield>
    <subfield code="c">N.D</subfield>
  </datafield>
  <datafield tag="501" ind1=" " ind2=" ">
    <subfield code="a">2 vols</subfield>
  </datafield>
  <datafield tag="546" ind1=" " ind2=" ">
    <subfield code="a">UR</subfield>
  </datafield>
  <datafield tag="942" ind1=" " ind2=" ">
    <subfield code="c">BK</subfield>
  </datafield>
  <datafield tag="999" ind1=" " ind2=" ">
    <subfield code="c">62642</subfield>
    <subfield code="d">62642</subfield>
  </datafield>
  <datafield tag="952" ind1=" " ind2=" ">
    <subfield code="0">0</subfield>
    <subfield code="1">0</subfield>
    <subfield code="2">ddc</subfield>
    <subfield code="4">0</subfield>
    <subfield code="7">0</subfield>
    <subfield code="a">01</subfield>
    <subfield code="b">01</subfield>
    <subfield code="d">2014-11-18</subfield>
    <subfield code="l">3</subfield>
    <subfield code="m">2</subfield>
    <subfield code="o"> 220 SIR-T</subfield>
    <subfield code="p">79752</subfield>
    <subfield code="r">2016-04-19 00:00:00</subfield>
    <subfield code="s">2016-03-21</subfield>
    <subfield code="w">2014-11-20</subfield>
    <subfield code="y">BK</subfield>
  </datafield>
  <datafield tag="952" ind1=" " ind2=" ">
    <subfield code="0">0</subfield>
    <subfield code="1">0</subfield>
    <subfield code="2">ddc</subfield>
    <subfield code="4">0</subfield>
    <subfield code="7">0</subfield>
    <subfield code="a">01</subfield>
    <subfield code="b">01</subfield>
    <subfield code="d">2014-11-25</subfield>
    <subfield code="l">3</subfield>
    <subfield code="m">1</subfield>
    <subfield code="o">220 SIR-T</subfield>
    <subfield code="p">79753 </subfield>
    <subfield code="r">2016-05-25 00:00:00</subfield>
    <subfield code="s">2016-03-21</subfield>
    <subfield code="w">2014-11-25</subfield>
    <subfield code="y">BK</subfield>
  </datafield>
</record>
